Liverpool players who wore number 9 shirt - Statistics

General Stats
  • This quiz has been taken 325 times
  • The average score is 5 of 10
Answer Stats
Player % Correct
Ian Rush
79%
Fernando Torres
78%
Robbie Fowler
77%
Andy Carroll
48%
Christian Benteke
47%
Djibril Cissé
36%
Rickie Lambert
36%
Iago Aspas
24%
El Hadji Diouf
23%
Nicholas Anekla
17%
No matching quizzes found
Score Distribution
Percent of People with Each Score
Percentile by Number Answered
Your Score History
You have not taken this quiz